000
00329 a2200157 4500
001
16828
020
_a
9788575750094
040
_c
Anchieta - Bela Vista
240
1
0
_a
Os incrÃveis
_l
por
245
1
0
_a
Os incrÃveis
300
_a
16
362
0
_a
2004
440
1
_a
Goal
650
4
_a
Literatura infanto-juvenil
942
_c
BK
999
_c
16828
_d
16828